| 000 | 00564nam a22001577a 4500 | ||
|---|---|---|---|
| 999 |
_c534352 _d534352 |
||
| 020 | _qHard Cover. | ||
| 082 | _a660 | ||
| 100 | _aShah, Sumaira | ||
| 245 |
_aPhoto Degradation of Organophosphate Pesticides (Acephate & Omethoate) with N-Doped TiO2 in Presence and Absence of Visible Light / _cSumaira Shah. |
||
| 260 |
_aIslamabad: _bSCME - NUST, _c2016. |
||
| 300 |
_a67 p. : _bill. ; _c30cm. |
||
| 942 |
_2ddc _cTHE |
||
| 650 |
_aChemical Engineering MS-Thesis. _916130 |
||
| 700 |
_aDr. Habib Nasir _916070 |
||